=LDR 00000nam 2200000 4500 =001 INLIS000000000014165 =005 20200917124330 =035 ##$$a 0010-061300000014165 =008 200917###########################0###### =041 ##$$a Ind =082 ##$$a 658.3 =090 ##$$a 658.3, Nat m =100 ##$$a Nata, Abuddin =245 1#$$a Manajemen pendidikan, Mengatasi kelemahan pendidikan islam di Indonesia, Abuddin Nata =260 ##$$a (s.a) :$b Jakarta =300 ##$$a ix, 308 hlm, 23 cm =650 #4$$a Manajemen pendidikan =850 ##$$a NBPNMAT =990 ##$$a 0001/BPAP-NTB/2015